Astronomia #2 - Statistics

Statistiche generali
  • Questo quiz è stato fatto 39 volte
  • Il punteggio medio è 7 su 15
Statistiche sulle risposte
Hint Risposta % Corretto
Il pianeta più grande del sistema solare Giove
100%
Inventore del telescopio Galileo Galilei
76%
Corpo celeste prima definito Pianeta e poi declassato a Pianeta nano Plutone
76%
Piccolo corpo roccioso che vaga nello spazio (ce ne sono molti nello spazio tra Marte e Giove) Asteroide
68%
Il "Carburante" del sole Idrogeno
68%
Che tipo di stella è il sole? Nana Gialla (G2V)
59%
Telescopio lanciato nel 1990 capace di reallizzare meravigliose foto dell'universo senza la distorsione terrestre Hubble Space Telescope
49%
Stella di Neutroni che emette radiazioni ad intervalli regolari, come un faro Pulsar
43%
Navetta spaziale della NASA utilizzata come sistema di lancio spaziale riutilizzabile Space Shuttle
41%
Uno dei satelliti galileiani (o medicei) omonimo del principe dei Troiani Ganimede
38%
Secondo uomo a mettere piede sulla luna Buzz Aldrin
32%
Nel 2021 è stato lanciato il suo successore il... James Webb Space Telescope
24%
Così si chiamano i buchi neri supermassicci che emettono enormi quantità di energia Quasar
24%
Secondo rover, atterrato 3 settimane dopo e funzionante sino al 2018 Opportunity
11%
Primo dei rover gemelli atterrati su Marte nel 2006 e funzionante sino al 2010 Spirit
5%
Nessun quiz corrispondente trovato
Distribuzione punteggi
Percentuale di utenti per punteggio
Percentile per numero di risposta
I tuoi punteggi nel tempo
Non hai fatto questo quiz